<?xml version="1.0" encoding="UTF-8"?><?xml-stylesheet type="text/xsl" href="static/style.xsl"?><OAI-PMH xmlns="http://www.openarchives.org/OAI/2.0/" xmlns:xsi="http://www.w3.org/2001/XMLSchema-instance" xsi:schemaLocation="http://www.openarchives.org/OAI/2.0/ http://www.openarchives.org/OAI/2.0/OAI-PMH.xsd"><responseDate>2026-04-29T08:13:33Z</responseDate><request verb="GetRecord" identifier="oai:repisalud.isciii.es:20.500.12105/13917" metadataPrefix="marc">https://repisalud.isciii.es/rest/oai/request</request><GetRecord><record><header><identifier>oai:repisalud.isciii.es:20.500.12105/13917</identifier><datestamp>2025-04-03T08:26:07Z</datestamp><setSpec>com_20.500.12105_5694</setSpec><setSpec>com_20.500.12105_5568</setSpec><setSpec>com_20.500.12105_2404</setSpec><setSpec>com_20.500.12105_2403</setSpec><setSpec>col_20.500.12105_11707</setSpec></header><metadata><record xmlns="http://www.loc.gov/MARC21/slim" xmlns:dcterms="http://purl.org/dc/terms/" xmlns:doc="http://www.lyncode.com/xoai" xmlns:xsi="http://www.w3.org/2001/XMLSchema-instance" xsi:schemaLocation="http://www.loc.gov/MARC21/slim http://www.loc.gov/standards/marcxml/schema/MARC21slim.xsd">
   <leader>00925njm 22002777a 4500</leader>
   <datafield ind2=" " ind1=" " tag="042">
      <subfield code="a">dc</subfield>
   </datafield>
   <datafield ind2=" " ind1=" " tag="720">
      <subfield code="a">Instituto de Salud Carlos III. Centro Nacional de Epidemiología</subfield>
      <subfield code="e">author</subfield>
   </datafield>
   <datafield ind2=" " ind1=" " tag="720">
      <subfield code="a">Sistema de Información Microbiológica de las Comunidades Autónomas y Laboratorios de Microbiología</subfield>
      <subfield code="e">author</subfield>
   </datafield>
   <datafield ind2=" " ind1=" " tag="260">
      <subfield code="c">2017-05-21</subfield>
   </datafield>
   <datafield ind2=" " ind1=" " tag="520">
      <subfield code="a">[ES] El Sistema de Información Microbiológica del Centro Nacional de Epidemiología es una plataforma de declaración voluntaria de laboratorios españoles, que recoge información estandarizada de las enfermedades infecciosas confirmadas producidas por 35 microorganismos. El objetivo de la presente publicación es ofrecer un resumen de los datos recogidos en 2014 por el Sistema de Información Microbiológica. [EN] The Microbiological Information System of the National Center of Epidemiology is a voluntary reporting network for laboratories in Spain. It collects standardized information on confirmed infectious diseases for 35 microorganisms. The aim of this publication is to summarize data collected on 2014 by the Microbiological Information System.</subfield>
   </datafield>
   <datafield ind1="8" ind2=" " tag="024">
      <subfield code="a">Boletín Epidemiológico Semanal 2017 - Vol.25 Nº 2</subfield>
   </datafield>
   <datafield ind1="8" ind2=" " tag="024">
      <subfield code="a">2173-9277</subfield>
   </datafield>
   <datafield ind1="8" ind2=" " tag="024">
      <subfield code="a">http://hdl.handle.net/20.500.12105/13917</subfield>
   </datafield>
   <datafield ind1="8" ind2=" " tag="024">
      <subfield code="a">2173-9277</subfield>
   </datafield>
   <datafield ind1="8" ind2=" " tag="024">
      <subfield code="a">Boletín Epidemiológico Semanal</subfield>
   </datafield>
   <datafield ind2="0" ind1="0" tag="245">
      <subfield code="a">Microorganismos notificados al sistema de información microbiológica en el año 2014</subfield>
   </datafield>
</record></metadata></record></GetRecord></OAI-PMH>